Rodzaje quizów na JetPunk - nagła śmierć - Statystyki

Ogólne statystyki
  • Ten quiz został rozwiązany 118 razy
  • Średni wynik to 3 z 7
Answers on the Grid
Answers color-coded by a green-red scale on the quiz's grid according to % correct below.
Find Differences
Click Picture
Click
April Fool's Day
Picture
Find Differences Map
Click Map
Multiple Choice
One Life
Time Pressure
Picture Select
Sudden Death
Text Select
Text
Only One Choice
Tile Select
 
Statystyki odpowiedzi
Odpowiedź % Poprawnych
Click Map
54%
Click
51%
Sudden Death
45%
Text
42%
Multiple Choice
40%
Picture
37%
Tile Select
23%
Nie znaleziono quizów pasujących do podanych kryteriów
Rozkład punktacji
Procent ludzi z każdym wynikiem
Percentyl według liczby udzielonych odpowiedzi
Twoja historia wyników
Nie rozwiązałeś tego quizu